[Event "XXXI Torneo Internacional de A"]
[Site "Las Palmas de Gran Canaria"]
[Date "2010.12.03"]
[Round "2"]
[White "Biscarri Candalia, Oscar"]
[Black "Morales Quintero, Jose Miguel"]
[Result "0-1"]
[WhiteElo "1531"]
[BlackElo "2097"]
[PlyCount "70"]
[EventDate "2010.12.02"]
[EventRounds "9"]
[EventCountry "ESP"]

1. d4 Nf6 2. c4 e6 3. Nc3 Bb4 4. Qc2 d5 5. Bd2 O-O 6. Nf3 a6 7. cxd5 exd5 8. g3
Nbd7 9. a3 Bd6 10. e3 b5 11. Bg2 Bb7 12. O-O c5 13. dxc5 Nxc5 14. b4 Nce4 15.
Rac1 Rc8 16. Qd3 Re8 17. Ne2 Qe7 18. Nfd4 g6 19. Nc3 Rc4 20. Rfe1 Rec8 21. Nde2
Ng4 22. Rf1 Ne5 23. Qb1 Nxd2 24. Qc2 Nxf1 25. Kxf1 d4 26. exd4 Bxg2+ 27. Kxg2
Qb7+ 28. Qe4 Qxe4+ 29. Nxe4 Rxc1 30. Nxd6 Nd7 31. Ne4 Ra1 32. Nc5 Nb6 33. Nf4
Rxa3 34. d5 g5 35. d6 gxf4 0-1

[Event "XXXI Torneo Internacional de A"]
[Site "Las Palmas de Gran Canaria"]
[Date "2010.12.04"]
[Round "3"]
[White "Gonzalez Garcia, Guillermo W"]
[Black "Kurajica, Bojan"]
[Result "0-1"]
[WhiteElo "2218"]
[BlackElo "2529"]
[PlyCount "68"]
[EventDate "2010.12.02"]
[EventRounds "9"]
[EventCountry "ESP"]

1. Nf3 Nf6 2. d4 e6 3. c4 Bb4+ 4. Bd2 a5 5. Nc3 O-O 6. e3 b6 7. Bd3 Bb7 8. Qc2
c5 9. dxc5 bxc5 10. a3 Bxc3 11. Bxc3 h6 12. O-O d6 13. Rfd1 Nbd7 14. Rd2 Ra6
15. Re1 Qa8 16. Qd1 Rd8 17. Bc2 Qb8 18. e4 Rc8 19. h3 Qc7 20. Re3 Rca8 21. Nh2
e5 22. Ng4 a4 23. Qf3 Qd8 24. Qg3 Nxg4 25. Qxg4 Qe7 26. Rg3 f6 27. Qg6 Kh8 28.
Rd1 Nf8 29. Qf5 Ne6 30. h4 Bc8 31. Qf3 Nd4 32. Rxd4 cxd4 33. Bb4 Be6 34. Bd3
Qf7 0-1

[Event "XXXI Torneo Internacional de A"]
[Site "Las Palmas de Gran Canaria"]
[Date "2010.12.04"]
[Round "3"]
[White "Ortega Hermida, Daniel"]
[Black "Vega Gutierrez, Belinda"]
[Result "1/2-1/2"]
[WhiteElo "2387"]
[BlackElo "2227"]
[PlyCount "55"]
[EventDate "2010.12.02"]
[EventRounds "9"]
[EventCountry "ESP"]

1. d4 d5 2. c4 e6 3. Nf3 Nf6 4. Nc3 Be7 5. Bf4 O-O 6. e3 c5 7. dxc5 Bxc5 8. Qc2
Nc6 9. a3 Qa5 10. Nd2 Bb4 11. cxd5 exd5 12. Bd3 d4 13. O-O dxc3 14. axb4 Qxb4
15. bxc3 Qe7 16. Nc4 Rd8 17. Nb6 Bf5 18. Bxf5 axb6 19. Rab1 g6 20. Bd3 Nd5 21.
Be4 Nxf4 22. exf4 Qc5 23. f5 Rd6 24. fxg6 hxg6 25. Rfd1 Rad8 26. Rxd6 Rxd6 27.
g3 Na5 28. Bd3 1/2-1/2

[Event "XXXI Torneo Internacional de A"]
[Site "Las Palmas de Gran Canaria"]
[Date "2010.12.04"]
[Round "3"]
[White "Alvarado Diaz, Alejandro"]
[Black "Novoselski, Zoran"]
[Result "0-1"]
[WhiteElo "2109"]
[BlackElo "2370"]
[PlyCount "68"]
[EventDate "2010.12.02"]
[EventRounds "9"]
[EventCountry "ESP"]

1. d4 e6 2. c4 f5 3. Nf3 Nf6 4. g3 Be7 5. Bg2 O-O 6. O-O d6 7. Nc3 Ne4 8. Qc2
Nxc3 9. bxc3 Nc6 10. e4 e5 11. dxe5 dxe5 12. Rb1 Qe8 13. Rd1 Qh5 14. Rb5 a6 15.
Rbd5 Be6 16. Nxe5 Bxd5 17. Rxd5 Nxe5 18. Rxe5 Rad8 19. f3 Bd6 20. Rd5 c6 21.
Rxf5 Bc5+ 22. Kh1 Rxf5 23. exf5 Qe8 24. h4 Qe1+ 25. Kh2 Bd6 26. f4 Bc5 27. f6
Bg1+ 28. Kh3 gxf6 29. f5 Bc5 30. Bf4 Bd6 31. Qd3 Bc7 32. Bd5+ cxd5 33. Bxc7 Rd7
34. Bf4 Qe4 0-1

[Event "XXXI Torneo Internacional de A"]
[Site "Las Palmas de Gran Canaria"]
[Date "2010.12.04"]
[Round "3"]
[White "Brito Garcia, Alfredo"]
[Black "Garcia Blanco, Omar"]
[Result "1/2-1/2"]
[WhiteElo "2337"]
[BlackElo "2183"]
[PlyCount "72"]
[EventDate "2010.12.02"]
[EventRounds "9"]
[EventCountry "ESP"]

1. e4 e6 2. d3 d5 3. Nd2 Nf6 4. Ngf3 c5 5. g3 Be7 6. Bg2 O-O 7. O-O b5 8. exd5
exd5 9. d4 c4 10. Ne5 Bb7 11. a4 a6 12. Re1 Nbd7 13. c3 Nb6 14. axb5 axb5 15.
Rxa8 Bxa8 16. Nf1 Ne4 17. f3 Nd6 18. Ne3 Re8 19. Nc2 Bf8 20. Bh3 Bb7 21. Nb4
Qa8 22. Nd7 Nxd7 23. Bxd7 Rd8 24. Bh3 Bc8 25. Bxc8 Nxc8 26. Nc2 Nb6 27. Qe2 h6
28. Ne3 Re8 29. Qd1 Qa2 30. Ng4 Rxe1+ 31. Qxe1 Qb1 32. Kg2 Na4 33. Qd2 Be7 34.
Ne3 Bg5 35. f4 Qe4+ 36. Kg1 Bd8 1/2-1/2

[Event "XXXI Torneo Internacional de A"]
[Site "Las Palmas de Gran Canaria"]
[Date "2010.12.04"]
[Round "3"]
[White "Morales Quintero, Jose Miguel"]
[Black "Hernando Rodrigo, Jose Maria"]
[Result "0-1"]
[WhiteElo "2097"]
[BlackElo "2315"]
[PlyCount "58"]
[EventDate "2010.12.02"]
[EventRounds "9"]
[EventCountry "ESP"]

1. c4 g6 2. g3 Bg7 3. Bg2 Nf6 4. Nf3 O-O 5. Nc3 c5 6. O-O Nc6 7. d4 cxd4 8.
Nxd4 d6 9. Nxc6 bxc6 10. Bxc6 Rb8 11. Bf3 Ng4 12. Qc2 Ne5 13. Bg2 Nxc4 14. b3
Qa5 15. b4 Rxb4 16. Nd5 Bxa1 17. Nxe7+ Kh8 18. Nc6 Qa4 19. Qe4 Bg7 20. Nxb4
Qxb4 21. Bf4 Be6 22. h4 Qa5 23. Bf3 Nd2 24. Bxd2 Qxd2 25. h5 Qxa2 26. Kg2 Qc4
27. Qb7 Qc8 28. Qxa7 Bh3+ 29. Kg1 Bxf1 0-1

[Event "XXXI Torneo Internacional de A"]
[Site "Las Palmas de Gran Canaria"]
[Date "2010.12.04"]
[Round "3"]
[White "Menvielle Laccourreye, Augusto"]
[Black "Gonzalez Intelangelo, Gerardo"]
[Result "1-0"]
[WhiteElo "2262"]
[BlackElo "2072"]
[PlyCount "79"]
[EventDate "2010.12.02"]
[EventRounds "9"]
[EventCountry "ESP"]

1. e4 d5 2. exd5 Qxd5 3. Nc3 Qa5 4. d4 c6 5. Nf3 Bf5 6. Bc4 e6 7. Qe2 Bb4 8.
Bd2 Nf6 9. a3 Nd5 10. Bxd5 cxd5 11. Qb5+ Qxb5 12. Nxb5 Bxd2+ 13. Kxd2 Na6 14.
Nd6+ Kf8 15. Nxb7 Rc8 16. Rac1 Ke7 17. b4 Be4 18. b5 Nc7 19. a4 Bxf3 20. gxf3
Ne8 21. Na5 Rc7 22. c4 dxc4 23. Rxc4 Rxc4 24. Nxc4 Nc7 25. Ne5 Ra8 26. Rc1 Nd5
27. Rc6 f6 28. Nd3 Rd8 29. Ra6 e5 30. Rxa7+ Kf8 31. Nc5 Nf4 32. Rd7 Rxd7 33.
Nxd7+ Ke7 34. Nc5 exd4 35. a5 Kd6 36. a6 Nd5 37. a7 Nb6 38. Na4 Na8 39. b6 Kc6
40. Kd3 1-0

[Event "XXXI Torneo Internacional de A"]
[Site "Las Palmas de Gran Canaria"]
[Date "2010.12.04"]
[Round "3"]
[White "Garcia Padron, Jose"]
[Black "Henriquez Garcia, David"]
[Result "1-0"]
[WhiteElo "2433"]
[BlackElo "1990"]
[PlyCount "35"]
[EventDate "2010.12.02"]
[EventRounds "9"]
[EventCountry "ESP"]

1. e4 c5 2. Nc3 Nc6 3. Nf3 d6 4. d4 cxd4 5. Nxd4 Nf6 6. Bc4 e6 7. Be3 Be7 8.
Qe2 O-O 9. O-O-O Qc7 10. Bb3 a6 11. Rhg1 Na5 12. g4 Nxb3+ 13. axb3 Re8 14. g5
Nd7 15. f4 b5 16. f5 b4 17. fxe6 bxc3 18. exf7+ 1-0

[Event "XXXI Torneo Internacional de A"]
[Site "Las Palmas de Gran Canaria"]
[Date "2010.12.04"]
[Round "3"]
[White "Tatai, Stefano"]
[Black "Martinez Molina, Jose Juan"]
[Result "1-0"]
[WhiteElo "2351"]
[BlackElo "1798"]
[PlyCount "51"]
[EventDate "2010.12.02"]
[EventRounds "9"]
[EventCountry "ESP"]

1. d4 g6 2. e4 d6 3. Nf3 Bg7 4. c4 Nf6 5. Nc3 O-O 6. Be3 c6 7. h3 Nbd7 8. g3 c5
9. d5 a6 10. a4 b6 11. Bg2 Ne8 12. O-O Rb8 13. Qe2 h6 14. Nd2 e5 15. dxe6 fxe6
16. f4 Nc7 17. Qd3 Qe7 18. Rad1 Rd8 19. Ndb1 Nf8 20. Qd2 Bb7 21. Qf2 Re8 22.
Rd2 b5 23. e5 dxe5 24. Bxc5 Qf7 25. Bxb7 Rxb7 26. Ne4 1-0

[Event "XXXI Torneo Internacional de A"]
[Site "Las Palmas de Gran Canaria"]
[Date "2010.12.04"]
[Round "3"]
[White "Quiza Vazquez, Carolina"]
[Black "Vega Gutierrez, Sabrina"]
[Result "0-1"]
[WhiteElo "1587"]
[BlackElo "2342"]
[PlyCount "48"]
[EventDate "2010.12.02"]
[EventRounds "9"]
[EventCountry "ESP"]

1. d4 d5 2. Nf3 Nf6 3. c4 e6 4. Nc3 Be7 5. Bg5 O-O 6. e3 h6 7. Bh4 b6 8. cxd5
exd5 9. Bd3 Nbd7 10. O-O Bb7 11. Rc1 c5 12. Re1 Ne4 13. Bxe7 Qxe7 14. dxc5 bxc5
15. Bxe4 dxe4 16. Nd2 Ne5 17. Rb1 Qh4 18. h3 Rad8 19. Qe2 Rd6 20. Nb3 Nf3+ 21.
Kh1 Ba6 22. Nb5 Rg6 23. Red1 Bc8 24. Qf1 Bxh3 0-1

[Event "XXXI Torneo Internacional de A"]
[Site "Las Palmas de Gran Canaria"]
[Date "2010.12.04"]
[Round "3"]
[White "Gutierrez Olivares, Daniel"]
[Black "Schlittermann, Wolfgang"]
[Result "1-0"]
[WhiteElo "2182"]
[BlackElo "1747"]
[PlyCount "73"]
[EventDate "2010.12.02"]
[EventRounds "9"]
[EventCountry "ESP"]

1. e4 c5 2. Nf3 e6 3. d4 cxd4 4. Nxd4 a6 5. c4 Bb4+ 6. Nc3 Ne7 7. Nc2 Bc5 8. b4
Bb6 9. Qg4 Ng6 10. h4 Qf6 11. Nd1 h5 12. Qg3 Qe5 13. Qxe5 Nxe5 14. Bb2 f6 15.
Nde3 Bc7 16. f4 Ng4 17. Nxg4 hxg4 18. g3 b6 19. Bd3 Bb7 20. O-O O-O 21. Ne3 f5
22. exf5 exf5 23. Nxf5 Nc6 24. a3 Rae8 25. Rae1 b5 26. c5 Bc8 27. Nxg7 Rxe1 28.
Rxe1 d6 29. cxd6 Bxd6 30. h5 Bd7 31. h6 Kf7 32. Nf5 Bxf5 33. Bxf5 Ne7 34. Bb1
Ng8 35. Ba2+ Kg6 36. Re6+ Rf6 37. Bxf6 1-0

[Event "XXXI Torneo Internacional de A"]
[Site "Las Palmas de Gran Canaria"]
[Date "2010.12.04"]
[Round "3"]
[White "Camino Carrio, Nicanor"]
[Black "Viera Falcon, Cristo"]
[Result "1-0"]
[WhiteElo "2138"]
[BlackElo "1790"]
[PlyCount "71"]
[EventDate "2010.12.02"]
[EventRounds "9"]
[EventCountry "ESP"]

1. e4 d5 2. exd5 Nf6 3. Bb5+ Bd7 4. Be2 Nxd5 5. d4 g6 6. c4 Nf6 7. Nc3 Na6 8.
Nf3 c6 9. h3 h6 10. O-O Bg7 11. Be3 Nc7 12. Ne5 Bf5 13. Bf3 Nd7 14. Nxd7 Bxd7
15. Qd2 Kf8 16. Rfe1 Ne8 17. Rad1 Nd6 18. b3 Qa5 19. Bf4 Nf5 20. Be5 Rd8 21.
Qb2 Bxe5 22. Rxe5 Qc7 23. Na4 f6 24. Re4 Ng7 25. Rde1 e6 26. Nc5 Bc8 27. Nd3
Kf7 28. Rf4 Nf5 29. g4 e5 30. dxe5 Rxd3 31. gxf5 Bxf5 32. Rxf5 gxf5 33. Bh5+
Kf8 34. exf6 Rg8+ 35. Kf1 Qd8 36. Qa3+ 1-0

[Event "XXXI Torneo Internacional de A"]
[Site "Las Palmas de Gran Canaria"]
[Date "2010.12.04"]
[Round "3"]
[White "Ramirez Maillo, Juan Adonay"]
[Black "Rojas Mirabal, Pedro"]
[Result "0-1"]
[WhiteElo "1484"]
[BlackElo "2000"]
[PlyCount "52"]
[EventDate "2010.12.02"]
[EventRounds "9"]
[EventCountry "ESP"]

1. e4 c5 2. Nf3 d6 3. d4 cxd4 4. Nxd4 Nf6 5. Nc3 g6 6. Be3 Bg7 7. f3 Nc6 8. Bc4
Bd7 9. Qd2 O-O 10. O-O-O Ne5 11. Bb3 a5 12. a4 Rc8 13. g4 Nc4 14. Bxc4 Rxc4 15.
b3 Rxc3 16. Qxc3 Qa8 17. Kd2 Bxg4 18. Qd3 Bh5 19. Rhf1 Nd7 20. Bf2 Rc8 21. c3
Ne5 22. Qe3 Nxf3+ 23. Nxf3 Rxc3 24. Qa7 Qc8 25. Rc1 Bxf3 26. Qxa5 Bh6+ 0-1

[Event "XXXI Torneo Internacional de A"]
[Site "Las Palmas de Gran Canaria"]
[Date "2010.12.04"]
[Round "3"]
[White "Sanchez Quintero, Raul"]
[Black "Sanchez Montesdeoca, Isaac"]
[Result "1-0"]
[WhiteElo "2088"]
[BlackElo "1710"]
[PlyCount "95"]
[EventDate "2010.12.02"]
[EventRounds "9"]
[EventCountry "ESP"]

1. e4 c5 2. Nf3 d6 3. d4 cxd4 4. Nxd4 Nf6 5. Nc3 g6 6. Be3 Bg7 7. h3 O-O 8. Qd2
Nc6 9. g4 Bd7 10. Be2 Rc8 11. g5 Ne8 12. Nxc6 bxc6 13. Bd4 e5 14. Bxa7 Ra8 15.
Be3 Be6 16. h4 Nc7 17. b3 Qe7 18. Na4 Rfd8 19. c4 Rxa4 20. bxa4 d5 21. cxd5
cxd5 22. Bb6 dxe4 23. Qa5 Rd5 24. Qc3 Rd7 25. Rc1 Ne8 26. Qc5 Nd6 27. Bb5 e3
28. fxe3 Rb7 29. Bc7 Nf5 30. Qxe7 Nxe7 31. e4 Bxa2 32. Rh2 Be6 33. Rd2 f5 34.
Rd8+ Bf8 35. Bd6 fxe4 36. Bxe7 Rxe7 37. Re8 Rxe8 38. Bxe8 Bb4+ 39. Ke2 Kf8 40.
Bc6 Ke7 41. Bxe4 Kd6 42. Rc6+ Kd7 43. Rb6 Bg4+ 44. Bf3 Bxf3+ 45. Kxf3 Bd6 46.
Rxd6+ Kxd6 47. Ke4 Kc5 48. Kxe5 1-0

[Event "XXXI Torneo Internacional de A"]
[Site "Las Palmas de Gran Canaria"]
[Date "2010.12.04"]
[Round "3"]
[White "Rodriguez Perez, David"]
[Black "Aleman Alamo, Nicolas"]
[Result "1-0"]
[WhiteElo "2058"]
[BlackElo "1694"]
[PlyCount "69"]
[EventDate "2010.12.02"]
[EventRounds "9"]
[EventCountry "ESP"]

1. e4 e6 2. d4 d5 3. exd5 exd5 4. h3 Nf6 5. Nf3 Bd6 6. c4 Qe7+ 7. Be2 c6 8. O-O
O-O 9. Nc3 Be6 10. Bg5 h6 11. cxd5 Bxd5 12. Nxd5 cxd5 13. Bxf6 Qxf6 14. Qb3 Nc6
15. Qxd5 Rfd8 16. Qc4 Rac8 17. Qa4 Bc7 18. Rad1 Rd5 19. Qb3 Rd7 20. g3 Bb6 21.
d5 Na5 22. Qb5 Rdc7 23. b3 Rc2 24. Rd2 R2c5 25. Qd3 Rc3 26. Qe4 Qd6 27. Kg2
R3c7 28. Bd3 g6 29. Re1 a6 30. Qe5 Bc5 31. Rde2 b5 32. Qc3 Qf8 33. Qf6 Bd6 34.
Nd4 Qg7 35. Qxd6 1-0

[Event "XXXI Torneo Internacional de A"]
[Site "Las Palmas de Gran Canaria"]
[Date "2010.12.05"]
[Round "4"]
[White "Kurajica, Bojan"]
[Black "Hernando Rodrigo, Jose Maria"]
[Result "1/2-1/2"]
[WhiteElo "2529"]
[BlackElo "2315"]
[PlyCount "83"]
[EventDate "2010.12.02"]
[EventRounds "9"]
[EventCountry "ESP"]

1. Nf3 Nf6 2. g3 g6 3. Bg2 Bg7 4. d4 O-O 5. O-O d5 6. c4 Nc6 7. cxd5 Nxd5 8. e4
Nb6 9. d5 Na5 10. Qd2 Nac4 11. Qc2 c6 12. dxc6 Qd6 13. Nc3 Qxc6 14. b3 Qf6 15.
Bg5 Qxc3 16. Qxc3 Bxc3 17. Rac1 Bf6 18. Bxf6 exf6 19. bxc4 Be6 20. c5 Nd7 21.
Rc2 Rac8 22. Rfc1 Ne5 23. Nxe5 fxe5 24. f4 Rfd8 25. fxe5 Rd4 26. a3 Rd3 27. Rc3
Rxc3 28. Rxc3 Rc6 29. Kf2 b6 30. Ke3 Rxc5 31. Rxc5 bxc5 32. h4 h6 33. Bf1 g5
34. hxg5 hxg5 35. Kd3 Kf8 36. Kc3 Ke7 37. a4 a5 38. Bc4 Bd7 39. Bb3 f6 40. Kc4
Be6+ 41. Kc3 Bh3 42. Kc4 1/2-1/2

[Event "XXXI Torneo Internacional de A"]
[Site "Las Palmas de Gran Canaria"]
[Date "2010.12.05"]
[Round "4"]
[White "Novoselski, Zoran"]
[Black "Menvielle Laccourreye, Augusto"]
[Result "1/2-1/2"]
[WhiteElo "2370"]
[BlackElo "2262"]
[PlyCount "136"]
[EventDate "2010.12.02"]
[EventRounds "9"]
[EventCountry "ESP"]

1. e4 e6 2. d4 d5 3. e5 c5 4. Qg4 Nc6 5. Nf3 Qc7 6. Bd3 Nb4 7. dxc5 Qxc5 8. Nc3
Nxd3+ 9. cxd3 Bd7 10. O-O Qb4 11. d4 Ne7 12. h4 Nf5 13. h5 Qb6 14. Qf4 Be7 15.
g4 Nh6 16. Rd1 O-O 17. Qg3 Kh8 18. Nh4 Qd8 19. g5 Ng8 20. f4 Bb4 21. Bd2 Ba5
22. Qh2 Ne7 23. Be1 Bb6 24. Rd3 Qe8 25. Rad1 f6 26. h6 fxe5 27. hxg7+ Kxg7 28.
Rh3 Kg8 29. Nf3 Rf7 30. Nxe5 Nf5 31. g6 Rg7 32. Rxh7 Qxg6+ 33. Nxg6 Rxh7 34.
Nh4 Bd8 35. Rd3 Bxh4 36. Rh3 Kf7 37. Bxh4 Rah8 38. Qf2 Rxh4 39. Rxh4 Rxh4 40.
Kg2 Rh8 41. Kf3 Rh4 42. Ke2 Ke7 43. Kd2 Kd8 44. Qg1 Kc7 45. a4 a5 46. b3 Rh8
47. Ne2 Kb8 48. Nc1 b5 49. Nd3 bxa4 50. Nc5 Bc8 51. Nxa4 Nd6 52. Nc5 Ne4+ 53.
Nxe4 dxe4 54. Qg3 Ka8 55. Qc3 Rh7 56. Kc1 Kb7 57. Qe3 Rh5 58. Qxe4+ Kc7 59. Kb2
Rd5 60. Kc3 Bd7 61. Qh7 Rf5 62. Qe7 Rb5 63. Qf8 Rd5 64. Qa8 Bc8 65. Kc4 Bd7 66.
Qa7+ Kd8 67. Qb8+ Ke7 68. Qb7 Ke8 1/2-1/2

[Event "XXXI Torneo Internacional de A"]
[Site "Las Palmas de Gran Canaria"]
[Date "2010.12.05"]
[Round "4"]
[White "Vega Gutierrez, Sabrina"]
[Black "Garcia Padron, Jose"]
[Result "0-1"]
[WhiteElo "2342"]
[BlackElo "2433"]
[PlyCount "58"]
[EventDate "2010.12.02"]
[EventRounds "9"]
[EventCountry "ESP"]

1. e4 e5 2. Nf3 Nf6 3. Nxe5 d6 4. Nf3 Nxe4 5. Qe2 Qe7 6. d3 Nf6 7. Nc3 Bg4 8.
Be3 Nc6 9. h3 Bd7 10. g4 O-O-O 11. Bg2 g6 12. O-O-O Bg7 13. d4 Ne4 14. Nxe4
Qxe4 15. Ng5 Qxg2 16. d5 Nd4 17. Bxd4 Bxd4 18. Nxf7 Qxd5 19. Nxd8 Qxa2 20. Rxd4
Qa1+ 21. Kd2 Qxh1 22. Nf7 Re8 23. Qd1 Qxh3 24. Kc1 Qh4 25. Rc4 Bc6 26. Qd4 Qh1+
27. Kd2 Qe1+ 28. Kd3 Qd1+ 29. Kc3 Qf3+ 0-1

[Event "XXXI Torneo Internacional de A"]
[Site "Las Palmas de Gran Canaria"]
[Date "2010.12.05"]
[Round "4"]
[White "Brito Garcia, Alfredo"]
[Black "Ortega Hermida, Daniel"]
[Result "1/2-1/2"]
[WhiteElo "2337"]
[BlackElo "2387"]
[PlyCount "31"]
[EventDate "2010.12.02"]
[EventRounds "9"]
[EventCountry "ESP"]

1. d4 Nf6 2. Nf3 g6 3. g3 Bg7 4. Bg2 O-O 5. O-O c6 6. c4 d6 7. Nc3 Qa5 8. Qd2
Qh5 9. Qg5 Qxg5 10. Bxg5 h6 11. Bc1 Re8 12. b3 e5 13. Bb2 Na6 14. Rad1 Bf5 15.
dxe5 dxe5 16. Nd2 1/2-1/2

[Event "XXXI Torneo Internacional de A"]
[Site "Las Palmas de Gran Canaria"]
[Date "2010.12.05"]
[Round "4"]
[White "Vega Gutierrez, Belinda"]
[Black "Tatai, Stefano"]
[Result "1/2-1/2"]
[WhiteElo "2227"]
[BlackElo "2351"]
[PlyCount "78"]
[EventDate "2010.12.02"]
[EventRounds "9"]
[EventCountry "ESP"]

1. e4 e5 2. Nf3 Nc6 3. Bb5 a6 4. Bxc6 dxc6 5. O-O Bg4 6. h3 h5 7. d3 Qf6 8. Be3
Bxf3 9. Qxf3 Qxf3 10. gxf3 Bd6 11. Nd2 Ne7 12. Nc4 O-O-O 13. f4 exf4 14. Nxd6+
cxd6 15. Bxf4 g5 16. Be3 Rhg8 17. Kh2 Rde8 18. Rg1 g4 19. Rg3 Rg6 20. f3 f5 21.
fxg4 hxg4 22. Rf1 fxe4 23. dxe4 gxh3 24. Kxh3 Rxg3+ 25. Kxg3 Rg8+ 26. Kf3 Rf8+
27. Ke2 Rxf1 28. Kxf1 Kd7 29. Ke2 Ke6 30. Kd3 Ng6 31. b3 Ne5+ 32. Kc3 Ng4 33.
Bf4 c5 34. Bg3 b5 35. a3 Nf6 36. Kd3 Nd7 37. Bf4 Nb6 38. Bg3 Nc8 39. c4 bxc4+
1/2-1/2

[Event "XXXI Torneo Internacional de A"]
[Site "Las Palmas de Gran Canaria"]
[Date "2010.12.05"]
[Round "4"]
[White "Gonzalez Garcia, Guillermo W"]
[Black "Gutierrez Olivares, Daniel"]
[Result "0-1"]
[WhiteElo "2218"]
[BlackElo "2182"]
[PlyCount "72"]
[EventDate "2010.12.02"]
[EventRounds "9"]
[EventCountry "ESP"]

1. Nf3 Nf6 2. d4 e6 3. c4 b6 4. g3 Bb7 5. Bg2 Be7 6. O-O O-O 7. Nc3 Ne4 8. Qc2
Nxc3 9. Qxc3 c5 10. Rd1 Bf6 11. Qc2 Nc6 12. Be3 Qe7 13. Rd2 d6 14. Rad1 Rfd8
15. b3 a5 16. h4 h6 17. dxc5 bxc5 18. Nh2 h5 19. Bf3 g6 20. Be4 Kg7 21. Nf3 Nb4
22. Qb1 d5 23. cxd5 exd5 24. Bd3 d4 25. Bf4 Nd5 26. Ng5 Nc3 27. Qc2 Nxd1 28.
Rxd1 Be5 29. Bd2 Ba6 30. f4 Bc7 31. Rf1 Bxd3 32. exd3 Re8 33. Re1 Qd6 34. Ne4
Qd5 35. Qxc5 Qxc5 36. Nxc5 Bd6 0-1

[Event "XXXI Torneo Internacional de A"]
[Site "Las Palmas de Gran Canaria"]
[Date "2010.12.05"]
[Round "4"]
[White "Marrero Cardenes, Agustin"]
[Black "Alvarado Diaz, Alejandro"]
[Result "0-1"]
[WhiteElo "1806"]
[BlackElo "2109"]
[PlyCount "126"]
[EventDate "2010.12.02"]
[EventRounds "9"]
[EventCountry "ESP"]

1. e4 d5 2. exd5 Qxd5 3. Nc3 Qa5 4. Nf3 Nf6 5. Be2 Bg4 6. h3 Bh5 7. O-O e6 8.
d4 Nc6 9. Ne5 Nxe5 10. Bxh5 O-O-O 11. Qe2 Ng6 12. Bxg6 hxg6 13. Be3 c6 14. a3
Qc7 15. Qf3 Rh5 16. Qe2 Be7 17. f4 Bd6 18. Rf3 Qe7 19. Rd1 Bc7 20. Bc1 Nd5 21.
Nxd5 Rhxd5 22. Rfd3 Qf6 23. Qe4 Rf5 24. Rf3 Bb6 25. c3 c5 26. Be3 Rfd5 27. Bf2
cxd4 28. cxd4 Bxd4 29. Bxd4 Rxd4 30. Rc3+ Kb8 31. Rxd4 Qxd4+ 32. Qxd4 Rxd4 33.
Rf3 Rd2 34. Rf2 Rd5 35. Rc2 b5 36. Rc3 Kb7 37. b4 Rd4 38. g3 Rd7 39. Kf2 a5 40.
Ke3 axb4 41. axb4 Rd5 42. Rd3 Kc6 43. Rc3+ Kd6 44. Rc8 Ke7 45. Rb8 g5 46. fxg5
Rxg5 47. g4 Kf6 48. Rb7 Re5+ 49. Kd4 Rd5+ 50. Ke4 g5 51. Rb8 Rd1 52. Rxb5 Rh1
53. Kf3 Rxh3+ 54. Kg2 Rb3 55. Rb8 Ke5 56. b5 Kf4 57. Rf8 f5 58. gxf5 exf5 59.
Rb8 Rb2+ 60. Kg1 Kg3 61. Kf1 f4 62. b6 f3 63. Re8 Rxb6 0-1

[Event "XXXI Torneo Internacional de A"]
[Site "Las Palmas de Gran Canaria"]
[Date "2010.12.05"]
[Round "4"]
[White "Padilla Socorro, Jesus"]
[Black "Morales Quintero, Jose Miguel"]
[Result "1-0"]
[WhiteElo "1804"]
[BlackElo "2097"]
[PlyCount "95"]
[EventDate "2010.12.02"]
[EventRounds "9"]
[EventCountry "ESP"]

1. e4 d6 2. d4 Nf6 3. Nc3 g6 4. Bb5+ c6 5. Bd3 Bg7 6. Nf3 O-O 7. Bg5 b5 8. Qd2
b4 9. Ne2 a5 10. Bh6 c5 11. Bxg7 Kxg7 12. dxc5 dxc5 13. e5 Ne8 14. h4 h5 15.
Qg5 Nc7 16. Nf4 Rh8 17. Bxg6 fxg6 18. Qxg6+ Kf8 19. Ng5 Qe8 20. Nh7+ Rxh7 21.
Qxh7 Qf7 22. Qh8+ Qg8 23. Ng6+ Kf7 24. Qxg8+ Kxg8 25. Nxe7+ Kf7 26. Nxc8 Nc6
27. Nd6+ Ke6 28. f4 Nd5 29. g3 Rg8 30. Ne4 Nd4 31. Kd2 Kf5 32. Ng5 c4 33. Rae1
Rd8 34. e6 Ne7 35. Kc1 a4 36. Rh2 Kg4 37. Rd2 a3 38. bxa3 b3 39. axb3 cxb3 40.
c3 Ndc6 41. Rxd8 Nxd8 42. Nf7 Nb7 43. Rd1 Nc5 44. Rd7 Nf5 45. e7 Nxe7 46. Rxe7
Kxg3 47. f5 Kxh4 48. Nd6 1-0

[Event "XXXI Torneo Internacional de A"]
[Site "Las Palmas de Gran Canaria"]
[Date "2010.12.05"]
[Round "4"]
[White "Guerrero Ruiz, Jose Luis"]
[Black "Sanchez Quintero, Raul"]
[Result "1-0"]
[WhiteElo "1772"]
[BlackElo "2088"]
[PlyCount "67"]
[EventDate "2010.12.02"]
[EventRounds "9"]
[EventCountry "ESP"]

1. e4 e5 2. d4 exd4 3. Qxd4 Nc6 4. Qe3 Bb4+ 5. Nc3 d6 6. Bd2 Nf6 7. O-O-O O-O
8. h3 Re8 9. Qg3 Rxe4 10. a3 Bxc3 11. Bxc3 Re8 12. Bd3 Ne5 13. Bxe5 dxe5 14.
Bxh7+ Kxh7 15. Rxd8 Rxd8 16. Nf3 e4 17. Ng5+ Kg8 18. Qxc7 Rd7 19. Qe5 Rd5 20.
Qf4 Bd7 21. Nxe4 Nxe4 22. Qxe4 Bc6 23. Qg4 Rad8 24. Re1 Rd2 25. Qg5 R2d5 26.
Qe3 R5d6 27. f3 a6 28. b3 g6 29. h4 Rd5 30. g4 R5d6 31. h5 Re6 32. Qc3 Rxe1+
33. Qxe1 Bxf3 34. Qh4 1-0

[Event "XXXI Torneo Internacional de A"]
[Site "Las Palmas de Gran Canaria"]
[Date "2010.12.05"]
[Round "4"]
[White "Gonzalez Intelangelo, Gerardo"]
[Black "Robaina Bordon, Hector"]
[Result "1-0"]
[WhiteElo "2072"]
[BlackElo "1733"]
[PlyCount "85"]
[EventDate "2010.12.02"]
[EventRounds "9"]
[EventCountry "ESP"]

1. b3 e5 2. Bb2 Nc6 3. e3 d5 4. d3 Nf6 5. Nf3 Bd6 6. Nbd2 Bg4 7. h3 Bh5 8. Be2
Qe7 9. a3 a5 10. c4 e4 11. dxe4 dxe4 12. Nd4 Bxe2 13. Qxe2 Ne5 14. Nf5 Qd7 15.
Nxd6+ Qxd6 16. O-O O-O 17. Rfd1 Qe6 18. Nf1 Rfd8 19. Ng3 h6 20. Qc2 Nd3 21.
Bxf6 gxf6 22. Qe2 Kh7 23. Qh5 Rg8 24. Qd5 Qxd5 25. cxd5 Rxg3 26. fxg3 Rd8 27.
Ra2 Rxd5 28. Rc2 c6 29. g4 Rb5 30. Rc3 Kg6 31. Kh2 f5 32. gxf5+ Kxf5 33. Rf1+
Ke6 34. g4 h5 35. Kg3 hxg4 36. hxg4 Rd5 37. Rc4 Re5 38. Rh1 Kd5 39. Rh5 b5 40.
Rd4+ Ke6 41. Rh6+ Ke7 42. Rxc6 a4 43. bxa4 1-0

[Event "XXXI Torneo Internacional de A"]
[Site "Las Palmas de Gran Canaria"]
[Date "2010.12.05"]
[Round "4"]
[White "Leon Manas, Jose Francisco"]
[Black "Rodriguez Perez, David"]
[Result "0-1"]
[WhiteElo "1712"]
[BlackElo "2058"]
[PlyCount "32"]
[EventDate "2010.12.02"]
[EventRounds "9"]
[EventCountry "ESP"]

1. b4 e5 2. b5 d5 3. e3 Be6 4. Bb2 Bd6 5. Nf3 Nd7 6. Be2 Nh6 7. a4 O-O 8. Na3
e4 9. Nd4 Qg5 10. g3 Bh3 11. c4 Ng4 12. cxd5 Nc5 13. Nc4 h5 14. Nxd6 cxd6 15.
Bc4 Ne5 16. f4 Ned3+ 0-1